| 000 | 00757nam a2200181 4500 | ||
|---|---|---|---|
| 001 | 131860 | ||
| 003 | ES-MaACL | ||
| 007 | t| | ||
| 008 | 070214s1926 be r ||||1| fre d | ||
| 100 | 1 |
_aRoger Riviere, Juan. _998939 |
|
| 245 | 1 | 3 |
_aLe probléme de l'eglise et de l'etat au temps de Philippe le Bel _b: étude de théologie positive / _cJuan Roger Riviere. |
| 260 |
_aLouvain : _bSpicilegium Sacrum Lovaniense, _c1926. |
||
| 300 |
_aXIV, 499 p. ; _c25 cm. |
||
| 500 | _aPrecede al Tit : Université Catholique et Colléges Théologiques O.P. et J. S. de Louvain. | ||
| 710 | 2 |
_aSpicilegium Sacrum Lovaniense. _96886 |
|
| 710 | 2 |
_aUniversité Catholique et Colléges Théologiques O.P. et J. S. de Louvain (Bélgica) _97478 |
|
| 852 |
_aES-MaACL _jC-6582 |
||
| 999 |
_c131860 _d131860 |
||